00694nam a2200169Ia 450000500170000000800410001708200150005824501960007326000720026930000120034165000100035365000170036370000270038094200060040795200960041399900150050920240416043513.0240331s9999 xx 000 0 und d bLETa323.4 0aLets work together for the protection of human rights of Filipino womenbA documentation Report on the Human Rights Situation of Filipino Women /cGabriela Women's Comission on Human Rights . aPhilippines; bGabriela women's Commission on Human Rights /c1989. a116 p., aWomen aHuman Rights aMarciano, Marie. eedt cL 001040708LaWERCLbWERCLcSSCd2024-03-31l0o 323.4 LETp366r2024-03-31w2024-03-31yL c2492d2492